Take My Breath Away - Berlin - All Lyrics - Statistics

General Stats
  • This quiz has been taken 59 times
  • The average score is 130 of 181
Answer Stats
Answer % Correct
a
100%
breath
98%
my
98%
My
98%
Take
98%
take
98%
away
96%
I
96%
in
87%
In
87%
love
87%
love,
87%
and
82%
you
82%
every
80%
motion
80%
to
80%
Watching
78%
Watching,
78%
no
73%
slow
71%
turn
71%
say
69%
the
69%
foolish
67%
game
67%
On
67%
as
64%
lover's
64%
lovers
64%
me
64%
this
64%
When
62%
am
60%
inside
60%
place
60%
some
60%
hear
58%
secret
58%
around
56%
Turning
56%
way,
56%
for
53%
by
51%
returning
51%
time,
51%
Never
47%
know
44%
saw
44%
still
44%
waiting,
44%
hide
42%
If
42%
anticipating
40%
only
40%
shame
40%
there's
38%
today,
38%
become
36%
called
36%
finally
36%
hesitating
36%
hourglass,
36%
keep
36%
ocean,
33%
slipped
33%
Through
33%
flames
31%
mirror
31%
notion,
31%
crashed,
29%
somewhere
29%
turned
29%
Haunted
27%
ones
24%
fated
22%
unafraid
20%
endless
18%
No matching quizzes found
Score Distribution
Percent of People with Each Score
Percentile by Number Answered
Your Score History
You have not taken this quiz